Vivekananda as The Turning Point: The Rise of a New Spiritual Wave (Record no. 1189)

MARC details
000 -LEADER
fixed length control field 00332nam a22001217a 4500
008 - FIXED-LENGTH DATA ELEMENTS--GENERAL INFORMATION
fixed length control field 260122b |||||||| |||| 00| 0 eng d
020 ## - INTERNATIONAL STANDARD BOOK NUMBER
International Standard Book Number 9788175053724
100 ## - MAIN ENTRY--PERSONAL NAME
Personal name Swami, S
245 ## - TITLE STATEMENT
Title Vivekananda as The Turning Point: The Rise of a New Spiritual Wave
260 ## - PUBLICATION, DISTRIBUTION, ETC.
Place of publication, distribution, etc. Kolkatta
Name of publisher, distributor, etc. Advaita Ashram
Date of publication, distribution, etc. 2014
300 ## - PHYSICAL DESCRIPTION
Extent 665p
942 ## - ADDED ENTRY ELEMENTS (KOHA)
Source of classification or shelving scheme Dewey Decimal Classification

No items available.

Powered by Koha